• 首页
  • 本馆介绍
  • 公告通知
  • 最新文献
  • 馆藏检索
  • 电子资源
  • 读者导购
  • 参考咨询
  • 我的图书馆
  • 登录
  • 详细信息显示
  • 放入我的书架
  • 预约/预借图书
  • 作者相关作品
  • 分类相关作品
  • 丛书相关作品
  • 出版社相关作品

书目信息

  • 表格格式
  • 工作单格式
  • 卡片格式
题名:
历代苏轼研究概论
    
 
作者: 曾枣庄, 著
分册:  
出版信息: 成都   巴蜀书社  2018
页数: 414页
开本: 25cm
丛书名: 曾枣庄三苏研究丛刊
单 册:
中图分类: K825.6=441
科图分类:
主题词: 作家--zuo jia--人物研究--概论--中国--宋代
电子资源:
ISBN: 978-7-5531-0894-0
000 01181nam 2200301 45
001 438720
005 20140102084258.0
010    @a978-7-5531-0894-0@b精装@dCNY120.00
099    @aCAL 012018036440
100    @a20180308d2018 em y0chiy50 ea
101 0  @achi
102    @aCN@b510000
105    @ay a 000yd
106    @ar
200 1  @a历代苏轼研究概论@Ali dai su shi yan jiu gai lun@f曾枣庄著
210    @a成都@c巴蜀书社@d2018
215    @a414页@d25cm
225 2  @a曾枣庄三苏研究丛刊@Azeng zao zhuang san su yan jiu cong kan
300    @a首批四川历史名人文化研究中心四川大学“苏轼研究中心”重点项目 成都文理学院重点项目
320    @a有书目 (第403-414页)
330    @a此书原名《苏轼研究史》, 是曾枣庄先生约请中 (包括台湾)、美、日、韩的生友共同撰写的。但全书三分之二的篇幅是曾先生自己写的, 此次出版只保留曾先生自己撰写的部份, 改名《历代苏轼研究概论》。
410  0 @12001 @a曾枣庄三苏研究丛刊
600  0 @a苏轼,@Asu shi@f1036-1101@x人物研究@x概论
606 0  @a作家@Azuo jia@x人物研究@x概论@y中国@z宋代
690    @aK825.6=441@v5
701  0 @a曾枣庄,@Azeng zao zhuang@f1937-@4著
801  2 @aCN@b上海新华@c20191020
905    @b1186170-2@dK825.6=441@e1266@f3
    
    历代苏轼研究概论/曾枣庄著.-成都:巴蜀书社,2018
    414页;25cm.-(曾枣庄三苏研究丛刊)
    首批四川历史名人文化研究中心四川大学“苏轼研究中心”重点项目 成都文理学院重点项目
    
    ISBN 978-7-5531-0894-0(精装):CNY120.00
    此书原名《苏轼研究史》, 是曾枣庄先生约请中 (包括台湾)、美、日、韩的生友共同撰写的。但全书三分之二的篇幅是曾先生自己写的, 此次出版只保留曾先生自己撰写的部份, 改名《历代苏轼研究概论》。
●
相关链接 在E读中查询图书 在五车中查询图书 在当当中查询图书 在豆瓣中查询图书


正题名:历代苏轼研究概论     索取号:K825.6=441/1266         预约/预借

序号 登录号 条形码 馆藏地/架位号 状态 备注
1 1186170   211861706   第二样本阅览室/ [索取号:K825.6=441/1266] 在馆    
2 1186171   211861715   第二借阅区/ [索取号:K825.6=441/1266] 在馆    
3 1186172   211861724   第二借阅区/ [索取号:K825.6=441/1266] 在馆    
唐山师范学院图书馆 欢迎您!
大连网信软件有限公司© 版权所有